Quizzes
Events
Quiz Creation
Community
Videos
Private Events
Remove Ads
Sign In
Join for FREE
Feedback
Dark Mode
Quiz Categories
Sports
Geography
Music
Movies
Television
Just For Fun
Miscellaneous
History
Literature
Language
Science
Gaming
Entertainment
Religion
Holiday
For Kids
Quiz Lab
Recent
Popular Today
Quiz Kudos Today
Editor Picks
Curator Picks
Quizzes by...
Day
Popularity
Type
Ratings
Length
Year
Community
Subscriptions
Recent Discussions
Orange Saloon
Badges
Playlists
Quests
Create
Leaderboards
Showdown
Live 5
Trivia Bingo
Activity
Puzzle Library
Sporcle Events
Private Events
Virtual Trivia
Globe League
Become a Host
Pub Owners
SporcleCon
Opinionation
Our Games
Videos
Blog
Mobile Apps
Partnerships
Remove Ads and Go Orange
Feedback
Sports
Athletes
MLB
NBA
NHL
NFL
Soccer
Sports Teams
WWE
NCAA
Football
Premier League
Basketball
Baseball
Hockey
Golf
Tennis
Cricket
Rugby
Auto Racing
Olympics
World Cup
Sports
Athletes
MLB
NBA
NHL
NFL
Soccer
Sports Teams
WWE
NCAA
Football
Premier League
Basketball
Baseball
Hockey
Golf
Tennis
Cricket
Rugby
Auto Racing
Olympics
World Cup
Random Quiz
Search Sporcle
×
Quiz Lab
Quiz Lab
Sports
NFL
Type in answers that appear in a list
Type in answers that appear in a list
Classic
Best Score? Go Orange.
2009 starting NFL quarterbacks (week 10) Stats
Can you name the 2009 starting NFL quarterbacks (week 10)?
By
Kahuna
3m
32 Questions
329 Plays
329 Plays
329 Plays
Comments
Comments
Give Quiz Kudos
Give Quiz Kudos
-
- Ratings
hide this ad
Random Order
Randomize order of answers
Randomize order of answers
Replay
Link that replays current quiz
Next Quiz
Link to next quiz in quiz playlist
You Got
0%
They Got
Avg Score
90%
Avg Friend Score
Upgrade to see
Score Distribution
Jump to the score distribution portion of the page
Score
0/32
Timer
03:00
0
Plays Today
Team
Quarterback
% Correct
Indianapolis Colts
Peyton Manning
98.8%
New York Giants
Eli Manning
98.2%
New England Patriots
Tom Brady
97.6%
New Orleans Saints
Drew Brees
95.7%
Minnesota Vikings
Brett Favre
95.4%
Dallas Cowboys
Tony Romo
95.4%
San Diego Chargers
Phillip Rivers
94.8%
Philidelphia Eagles
Donovan McNabb
94.8%
Tennessee Titans
Vince Young
94.2%
Green Bay Packers
Aaron Rodgers
94.2%
Arizona Cardinals
Kurt Warner
93.9%
Chicago Bears
Jay Cutler
93.3%
New York Jets
Mark Sanchez
93%
Cincinnati Bengals
Carson Palmer
92.7%
Baltimore Ravens
Joe Flacco
92.1%
Atlanta Falcons
Matt Ryan
91.5%
Team
Quarterback
% Correct
Pittsburgh Steelers
Ben Roethlisberger
90.9%
Denver Broncos
Kyle Orton
90.6%
Cleveland Browns
Brady Quinn
89.7%
Washington Redskins
Jason Campbell
88.8%
Detroit Lions
Matthew Stafford
88.1%
Houston Texans
Matt Schaub
87.5%
Carolina Panthers
Jake Delhomme
87.5%
Oakland Raiders
JaMarcus Russell
86%
Jacksonville Jaguars
David Garrard
85.7%
Kansas City Chiefs
Matt Cassel
85.7%
San Fransisco 49ers
Alex Smith
85.7%
Miami Dolphins
Chad Henne
84.5%
Buffalo Bills
Trent Edwards
81.8%
St. Louis Rams
Marc Bulger
81.8%
Seattle Seahawks
Matt Hasselbeck
79.9%
Tampa Bay Buccaneers
Josh Freeman
76.6%
Quiz Playlist
Details
Report
Send in Message
Add To Playlist
Classic:
Type in answers that appear in a list
Random Order:
Randomize order of answers
Last Updated: Feb 16, 2017
Quiz Scoreboard
CHALLENGE
Sign Up to Join the Scoreboard
Show All
Scores
Hide
Comments
May contain spoilers
Recently Published
9x9 Crossword: Cartoon Network
by jackfrog10
Miscellaneous
3m
College Basketball Coaching Resumes
by pancakes188
Sports
9m
Billboard Blitz: Fleetwood Mac
by CooCooCachoo
Music
15s
More to Explore
Quiz From the Vault
Featured Blog Post
Where Did the Easter Bunny Come From?
hide this ad
You Might Also Like...
Tags
NFL Quiz
Numbers Quiz
2009
Quarterbacks
Starting
team
Week
Today's Top Quizzes in Sports
Browse Sports
hide this ad
Today's Top Quizzes in NFL
Browse NFL
Top Contributed Quizzes in Sports
1
2022 World Cup Stars
2
Les meilleurs buteurs des matchs entre le PSG et l’OM
3
FIFA Club World Cup Champions
4
Les entraîneurs de l'OM et du PSG au 21e siècle
5
Criteria MLB: Left Handed Sluggers
6
AFC Teams Reveal (Wrong Answers Minefield)
7
2023 MLB Unique Player Accomplishments
8
5-to-1: FBS Animal Nicknames
9
Players with Multiple 50 Home Run Seasons
10
5-to-1: UK Sports Teams
Explore More
Trending Topics
Marvel
NBA
Kpop
Crossword
Disney
Harry Potter
Anime
Song
WWE
Pokémon
The Office
Soccer
NFL
Country
Puzzle
hide this ad
More By:
Kahuna
Quiz
Plays
Rating
Category
Featured
Created
2009 starting NFL quarterbacks (week 10)
329
3.00
Sports
Nov 12, 2009
Go to Creator's Profile
Score Distribution
Quiz Creator Spotlight
Kahuna
Follow
Send a Message
Quizzes Created
-
Created Quiz Play Count
-
More By This Creator
Popular Quizzes Today
1
Find the US States - No Outlines Minefield
2
Find the Countries of Europe - No Outlines Minefield
3
The Countries of the World
4
Find the US States
5
Risky Map Clicking: Biggest States A-Z
6
US States
7
Popular People in 1961
8
Movies - When Are They Set?
More Sports Quizzes
Draw the Mavericks Logo
Quiz Lab
Trending Quizzes
Risky Map Clicking: Least Populous States A-Z
1-10 Letter G Words
1-10 Letter F Words
Risky Map Clicking: Next State Alphabetically
Adjectives in 80s TV Shows
Recently Updated
Leaping Animals
pecheneg
Reality TV Shows (A-Z)
bhenderson79
Rickey Henderson's Hall of Fame Teammates
pecheneg
Champions League XIs: Arsenal
pecheneg
Quick Pick: Celebrities in WWE's Hall of Fame
aduchscher
A-Z Keypad Blitz II
pecheneg
Multiple Oscar Actors
pecheneg
Mystery Phrase Blitz: Oscar 'Best Actors'
pecheneg
F. Scott Fitzgerald Novels
LTH
Pick 3 Villains
ddd62291
Trending Topics
Kpop
Disney
NBA
Crossword
Harry Potter
Anime
Marvel
NFL
WWE
Country
Soccer
The Office
Song
Pokémon
Puzzle
Your Account Isn't Verified!
In order to create a playlist on Sporcle, you need to verify the email address you used during registration. Go to your
Sporcle Settings
to finish the process.
Report this User
Report this user for behavior that violates our
Community Guidelines
.
Details:
Send Report
Go to the Sporcle.com Mobile Site →
Comments